[Event "NZL-ch op 122nd"]
[Site "Auckland"]
[Date "2015.01.09"]
[Round "9"]
[White "Opasiak, Dustin Tennessee"]
[Black "Gunawan, Boy Reinhard"]
[Result "1-0"]
[WhiteElo "1729"]
[BlackElo "1980"]
[PlyCount "55"]
[EventDate "2015.01.01"]
[EventType "swiss"]
[EventRounds "9"]
[EventCountry "NZL"]
[SourceTitle "CBM 164 Extra"]
[Source "ChessBase"]
[SourceDate "2015.03.02"]
[SourceVersion "1"]
[SourceVersionDate "2015.03.02"]
[SourceQuality "1"]

1. e4 d5 2. exd5 Qxd5 3. Nc3 Qd8 4. d4 Nf6 5. Nf3 e6 6. Bd3 c5 7. dxc5 Bxc5 8. 0-0 0-0 9. Ne4 Nbd7 10. Qe2 Qc7 11. Nxf6+ Nxf6 12. Ne5 b6 13. Bf4 Bd6 14. Bg3 Nd7 15. Be4 Rb8 16. Nc6 Bxg3 17. hxg3 Rb7 18. Bxh7+ Kh8 19. Bd3 Nf6 20. Ne5 g6 21. Bxg6 Kg7 22. Bd3 Rh8 23. Ng4 Nh5 24. Qe3 Kf8 25. Rad1 f5 26. Qe5 Qxe5 27. Nxe5 Rh6 28. Ba6 1-0

[Event "NZL-ch op 122nd"]
[Site "Auckland"]
[Date "2015.01.01"]
[Round "1"]
[White "Nylund, Timothy"]
[Black "Gunawan, Boy Reinhard"]
[Result "0-1"]
[WhiteElo "1405"]
[BlackElo "1980"]
[PlyCount "60"]
[EventDate "2015.01.01"]
[EventType "swiss"]
[EventRounds "9"]
[EventCountry "NZL"]
[SourceTitle "CBM 164 Extra"]
[Source "ChessBase"]
[SourceDate "2015.03.02"]
[SourceVersion "1"]
[SourceVersionDate "2015.03.02"]
[SourceQuality "1"]

1. d4 d5 2. c4 c6 3. Nc3 Nf6 4. g3 e6 5. Bg2 Be7 6. Nf3 0-0 7. 0-0 dxc4 8. e4 b5 9. e5 Nd5 10. Rb1 a6 11. Ne4 Bb7 12. Qc2 Nb4 13. Qc3 Nxa2 14. Qd2 h6 15. b4 cxb3 16. Rxb3 Nxc1 17. Rxc1 Nd7 18. Nd6 Bxd6 19. exd6 Nf6 20. Ne5 Qxd6 21. Nxc6 Rac8 22. Na7 Rxc1+ 23. Qxc1 Bxg2 24. Kxg2 Qxd4 25. Nc6 Qe4+ 26. Rf3 Ng4 27. Qc5 Nxh2 28. Ne7+ Kh7 29. Ng6 Qxf3+ 30. Kxh2 fxg6 0-1